Finestrelles
ISBN:
1130-0272
Descripción Física:
il. ; 24 cm
MARC
| LEADER | 00000nam a2200000Ia 4500 | ||
|---|---|---|---|
| 001 | |||
| 008 | 160829s1989 - xx 000 0 cat d | ||
| 008 | 160829s9999 xx 000 0 cat d | ||
| 020 | |a 1130-0272 | ||
| 080 | |a Revistes | ||
| 245 | |a Finestrelles | ||
| 260 | |a Sant Andreu de Palomar [Barcelona] : |b Centre d'Estudis Ignasi Iglésias, |c 1989 - | ||
| 300 | |a il. ; |c 24 cm | ||
| 362 | |a Núm. 1 (1989)- | ||
| 590 | |a Anual. | ||
| 590 | |a Bibliografia | ||
| 650 | |a Sant Andreu de Palomar (Barcelona) |x Història |x Revistes |9 48855 | ||
| 710 | 2 | |a Centre d'Estudis Ignasi Iglésias |9 53194 | |
| 866 | |a 2005 (13), 2010 (15) | ||
| 901 | |a Arxiu | ||
| 942 | |n 1 | ||
| 952 | |0 0 |1 0 |4 0 |6 REVISTES |7 1 |9 51579 |a Arxiu |b Arxiu |d 2016-12-01 |l 0 |o Revistes |r 2016-12-01 00:00:00 |w 2016-12-01 |y ARXIU | ||
| 999 | |c 55424 |d 55424 | ||